Top 25 Best Destinations in the world - Statistics

General Stats
  • This quiz has been taken 114 times
  • The average score is 13 of 25
Answer Stats
Ranking Continent City % Correct
#1 Europe London
95%
#4 Europe Paris
95%
#2 Euorpe/Asia Istanbul
87%
#9 North America New York
85%
#11 Europe Barcelona
81%
#7 Europe Rome
80%
#21 Asia Tokyo
79%
#24 Oceania Sydney
74%
#15 Asia Bangkok
70%
#20 Africa Cape Town
66%
#16 Europe Amsterdam
64%
#17 South America Buenos Aires
63%
#18 Asia Hong Kong
59%
#6 Europe Prague
58%
#13 Asia Dubai
47%
#12 Europe Lisbon
41%
#25 Europe Budapest
39%
#14 Europe/Asia St Petersburg
37%
#8 Asia Hanoi
21%
#3 Africa Marrakech
18%
#22 South America Cusco
12%
#23 Asia Kathmandu
9%
#5 Asia Siem Reap
5%
#10 Asia Ubud
1%
#19 North America Playa Del Carmen
0%
No matching quizzes found
Score Distribution
Percent of People with Each Score
Percentile by Number Answered
Your Score History
You have not taken this quiz